Úvod do teorie řízení ekonomických systémů

Gespeichert in:
Bibliographische Detailangaben
1. Verfasser: Kacr, Josef
Format: Buch
Sprache:Tschechisch
Veröffentlicht: Praha Státní nakladatelství technické literatury 1984
Ausgabe:2. přeprac. vyd.
Tags: Tag hinzufügen
Keine Tags, Fügen Sie das erste Tag hinzu!

MARC

LEADER 00000nam a2200000 4500
001 c115655
005 20190109131211.4
041 0 |a cze 
044 |a CZ 
245 1 0 |a Úvod do teorie řízení ekonomických systémů  |c Josef Kacr 
250 |a 2. přeprac. vyd. 
264 1 |a Praha  |b Státní nakladatelství technické literatury  |c 1984 
300 |a 240 s. 
100 1 |a Kacr, Josef